000 00787cam a2200205 4500
001 WB3946-01
008 031202n2003 000 0 eng u
035 _a(Sirsi) u124546
245 _aLet there be light
260 _c2003
490 _aRICS Press Release
_v(pr112) 2 December (2)
520 _aThe latest RICS public information leaflet "Rights to light: knowing your right to light" gives a basic explanation of what is a right to light. The guide provides a step by step guide to understanding the issue, where to go for professional advice and how to avoid the pitfalls of expensive legal action.
590 _aWB
650 _aRIGHTS TO LIGHT
650 _aADVICE
650 _aABOUT RICS
650 _aLEGAL RIGHTS
690 _aBoundary disputes
_96221
942 _n0
999 _c73910
_d73910